Lady boss

Bibliographic Details
Main Author: Collins, Jackie
Format: Book
Published: New York : Simon and Schuster , 1990

MARC

LEADER 00000cam a2200000 7i4500
001 0000002035
002 000002222
005 20000330.0
020 |a 0671619373 
090 0 0 |a F   |b COL 
100 1 |a Collins, Jackie 
245 1 0 |a Lady boss   |c Jackie Collins 
260 |a New York :   |b Simon and Schuster ,   |c 1990 
300 |a 608p. ;   |c 24cm. 
999 |a 035347   |b BUKU   |c FICTION   |e PERPUSTAKAAN KOMUNITI PETALING JAYA 
999 |a 035348   |b BUKU   |c FICTION   |e PERPUSTAKAAN KOMUNITI PETALING JAYA